| 000 | 00334nam a2200121Ia 4500 | ||
|---|---|---|---|
| 005 | 20251222152042.0 | ||
| 008 | 251222s9999||||xx |||||||||||||| ||spa|| | ||
| 082 | _a635.21/C77 | ||
| 245 | 0 | _aPrograma Colaborativo Biodiversidad de Raíces y Tubérculos Andinos (Memoria 1993-1994) | |
| 250 | _a1ra.ed. | ||
| 264 | _bs.e. | ||
| 942 | _cLIB | ||
| 999 |
_c26082 _d26082 |
||